Normal view
MARC view
- Mubārak, Muḥammad Ḥusnī,
Entry Personal Name
001 - CONTROL NUMBER
- control field: 38596
003 - CONTROL NUMBER IDENTIFIER
- control field: OSt
005 - DATE AND TIME OF LATEST TRANSACTION
- control field: 20151028121805.0
008 - FIXED-LENGTH DATA ELEMENTS
- fixed length control field: 151028|| aca||aabn | a|a d
040 ## - CATALOGING SOURCE
- Original cataloging agency: OSt
100 1# - HEADING--PERSONAL NAME
- Personal name: Mubārak, Muḥammad Ḥusnī,
- Dates associated with a name: 1928-
400 1# - SEE FROM TRACING--PERSONAL NAME
- Personal name: Moubarak, Hosni,
- Dates associated with a name: 1928-
400 1# - SEE FROM TRACING--PERSONAL NAME
- Personal name: Mubārak, Ḥusnī,
- Dates associated with a name: 1928-
400 1# - SEE FROM TRACING--PERSONAL NAME
- Personal name: Mubarak, Mohamed Hosni,
- Dates associated with a name: 1928-
400 1# - SEE FROM TRACING--PERSONAL NAME
- Personal name: Mubarak, Hosni,
- Dates associated with a name: 1928-
400 1# - SEE FROM TRACING--PERSONAL NAME
- Personal name: مبارك، محمد حسني
400 1# - SEE FROM TRACING--PERSONAL NAME
- Personal name: مبارك، محمد حسني،
- Dates associated with a name: ١٩٢٨-
400 0# - SEE FROM TRACING--PERSONAL NAME
- Personal name: محمد حسني مبارك